[Event "BL2 Ost 1617 (Women)"]
[Site "Germany"]
[Date "2017.03.26"]
[Round "7.1"]
[White "Wagner Michel, Annett"]
[Black "Gasch, Franziska"]
[Result "1-0"]
[WhiteElo "2132"]
[BlackElo "2014"]
[PlyCount "129"]
[EventDate "2016.10.22"]
[EventType "team-tourn"]
[EventRounds "7"]
[EventCountry "GER"]
[SourceTitle "EXT 2018"]
[Source "ChessBase"]
[SourceDate "2017.10.13"]
[SourceVersion "1"]
[SourceVersionDate "2017.10.13"]
[SourceQuality "1"]
[WhiteTeam "Rotation Pankow (W)"]
[BlackTeam "Leipzig Lindenau (W)"]
[WhiteTeamCountry "GER"]
[BlackTeamCountry "GER"]

1. e4 d5 2. exd5 Nf6 3. Bc4 Nxd5 4. Nf3 Bg4 5. Nc3 c6 6. 0-0 e6 7. Be2 Bd6 8. Ne4 Bc7 9. d4 Nf4 10. Bxf4 Bxf4 11. c3 Nd7 12. g3 Bc7 13. Qb3 Qb8 14. Rfe1 0-0 15. Rad1 Re8 16. Kg2 h6 17. h3 Bf5 18. Nfd2 Qc8 19. Bh5 Nb6 20. Nc5 Rb8 21. Nde4 Nd5 22. c4 b6 23. cxd5 bxc5 24. Qf3 cxd5 25. Nxc5 Rf8 26. Qe2 Bb6 27. Rc1 Qd8 28. b3 Qd6 29. b4 Qd8 30. a3 Rc8 31. Qd2 Re8 32. Be2 Re7 33. Ba6 Rb8 34. Qf4 Bc7 35. Qh4 Bb6 36. Qf4 Kh7 37. Qe3 Bxc5 38. Rxc5 Rc7 39. Rec1 Rxc5 40. Rxc5 Qd6 41. Be2 Rb7 42. Qc3 Qd7 43. Ba6 Rb8 44. Rc7 Qa4 45. Be2 Bg6 46. h4 h5 47. Qc1 Rf8 48. Qc5 Kg8 49. Rxa7 Qb3 50. Qc1 e5 51. Qe3 Qb1 52. Qxe5 Be4+ 53. Bf3 Bxf3+ 54. Kxf3 Qh1+ 55. Ke2 Qc1 56. Qe3 Qc6 57. Re7 Rc8 58. Kf1 Qa6+ 59. Kg2 Rc2 60. Qf3 Qg6 61. Re1 Kh7 62. Re5 Kg8 63. Qxh5 Qc6 64. Re7 g6 65. Qe5 1-0

[Event "BL2 Ost 1617 (Women)"]
[Site "Germany"]
[Date "2017.02.12"]
[Round "5.1"]
[White "Gasch, Franziska"]
[Black "Cyfka, Karina"]
[Result "0-1"]
[WhiteElo "2014"]
[BlackElo "2414"]
[PlyCount "82"]
[EventDate "2016.10.22"]
[EventType "team-tourn"]
[EventRounds "7"]
[EventCountry "GER"]
[SourceTitle "EXT 2018"]
[Source "ChessBase"]
[SourceDate "2017.10.13"]
[SourceVersion "1"]
[SourceVersionDate "2017.10.13"]
[SourceQuality "1"]
[WhiteTeam "Leipzig Lindenau (W)"]
[BlackTeam "Leipzig Allianz (W)"]
[WhiteTeamCountry "GER"]
[BlackTeamCountry "GER"]

1. d4 Nf6 2. c4 d6 3. Nc3 Nbd7 4. e4 e5 5. d5 Nc5 6. f3 a5 7. Be3 Be7 8. Qd2 0-0 9. Nge2 Nh5 10. g3 h6 11. Bg2 Bg5 12. f4 exf4 13. gxf4 Bh4+ 14. Kd1 Nf6 15. Bf3 Nfd7 16. Nd4 Nb6 17. Qe2 Re8 18. Rg1 Bf6 19. Nb3 Nca4 20. Nxa4 Nxa4 21. Nd4 c5 22. dxc6 bxc6 23. Qc2 c5 24. Qxa4 cxd4 25. Bd2 Bb7 26. Re1 Qb6 27. Qa3 a4 28. Rb1 Qc6 29. Qd3 Re7 30. Bb4 Rae8 31. a3 Rc7 32. Rc1 Qd7 33. Rc2 Qe6 34. Bh1 Ba6 35. f5 Qc8 36. Bxd6 Rxc4 37. Rxc4 Bxc4 38. Qd2 Bb3+ 39. Ke2 Qa6+ 40. Kf3 Qxd6 41. Rg1 Qe5 0-1

[Event "BL2 Mitte 1011 (Women)"]
[Site "Germany"]
[Date "2010.12.04"]
[Round "3.1"]
[White "Gasch, Franziska"]
[Black "Skibbe, Diana"]
[Result "0-1"]
[WhiteElo "2011"]
[BlackElo "2121"]
[PlyCount "142"]
[EventDate "2010.11.06"]
[EventType "team-tourn"]
[EventRounds "7"]
[EventCountry "GER"]
[SourceTitle "EXT 2012"]
[Source "ChessBase"]
[SourceDate "2011.11.24"]
[SourceVersion "1"]
[SourceVersionDate "2011.11.24"]
[SourceQuality "1"]
[WhiteTeam "Leipzig Lindenau (W)"]
[BlackTeam "Zeulenroda (W)"]
[WhiteTeamCountry "GER"]
[BlackTeamCountry "GER"]

1. e4 e5 2. Bc4 Nf6 3. d3 Bc5 4. Nf3 Nc6 5. c3 d6 6. Nbd2 a6 7. Bb3 b5 8. Nf1 Be6 9. Ng3 h6 10. 0-0 Bb6 11. Qe2 Na5 12. Bc2 c5 13. Nh4 g6 14. Nf3 Nc6 15. Be3 Qc7 16. Rfd1 Kf8 17. Qd2 Kg7 18. Nh4 Ng4 19. h3 Nxe3 20. fxe3 Qe7 21. Nhf5+ gxf5 22. exf5 Qg5 23. Qf2 Bd7 24. f6+ Kf8 25. Ne4 Qf5 26. Qh4 d5 27. Rf1 Qg6 28. Nd2 Rg8 29. Rf2 Qg5 30. Qxg5 hxg5 31. Nf3 g4 32. hxg4 Bxg4 33. Nh2 d4 34. cxd4 cxd4 35. e4 Nb4 36. Bb1 Ke8 37. a3 Nc6 38. Ba2 Nd8 39. Nxg4 Rxg4 40. Rf5 Bc7 41. Rc1 Kd7 42. Rh5 Rg6 43. Rf1 Ne6 44. Rh7 Rf8 45. Bd5 Bd8 46. Rc1 Rxf6 47. Bb7 Nc7 48. Rc5 Rb6 49. Bd5 Be7 50. Rc2 Nxd5 51. exd5 Bg5 52. g4 Kd6 53. Kg2 Kxd5 54. Rc7 Rc6 55. Rhxf7 Rxf7 56. Rxf7 Rc2+ 57. Kf3 Rxb2 58. Rd7+ Kc6 59. Rg7 Be3 60. g5 Rb3 61. g6 Bh6 62. Rh7 Rxd3+ 63. Kf2 Bf4 64. Rh8 Rg3 65. Rg8 d3 66. Rd8 e4 67. Rf8 e3+ 68. Kf1 e2+ 69. Kf2 Be3+ 70. Kxg3 e1Q+ 71. Kg4 Qg1+ 0-1

[Event "GER-chT Federal Cup (Women)"]
[Site "Braunfels"]
[Date "2010.06.05"]
[Round "4"]
[White "Vidonyak, Nellya"]
[Black "Gasch, Franziska"]
[Result "0-1"]
[WhiteElo "2175"]
[BlackElo "1979"]
[PlyCount "64"]
[EventDate "2010.06.03"]
[EventType "team-swiss"]
[EventRounds "5"]
[EventCountry "GER"]
[SourceTitle "CBM 136 Extra"]
[Source "ChessBase"]
[SourceDate "2010.07.02"]
[SourceVersion "2"]
[SourceVersionDate "2010.07.15"]
[SourceQuality "1"]

1. d4 Nf6 2. Nf3 g6 3. Nbd2 Bg7 4. e4 d6 5. c3 0-0 6. Bd3 Nbd7 7. 0-0 e5 8. Re1 Nh5 9. Bf1 Qe8 10. Nc4 Nb6 11. dxe5 dxe5 12. Be3 Nxc4 13. Bxc4 b6 14. Qb3 h6 15. h3 Kh7 16. Rad1 g5 17. Kh2 Qe7 18. g4 Qf6 19. Ng1 Nf4 20. Bf1 h5 21. f3 Rh8 22. Ne2 hxg4 23. hxg4 Qh6+ 24. Kg1 Kg6 25. Bxf4 gxf4 26. Bg2 Bf8 27. Nc1 Qh2+ 28. Kf1 Bc5 29. Ne2 Qh4 30. Nxf4+ exf4 31. Qc2 Ba6+ 32. c4 Bxc4+ 0-1

[Event "BL2 Ost 0910 (Women)"]
[Site "Germany"]
[Date "2009.12.05"]
[Round "3.1"]
[White "Gasch, Franziska"]
[Black "Banisch, Anett"]
[Result "1/2-1/2"]
[WhiteElo "1979"]
[BlackElo "2048"]
[PlyCount "96"]
[EventDate "2009.11.07"]
[EventType "team-tourn"]
[EventRounds "7"]
[EventCountry "GER"]
[SourceTitle "CBM 133 Extra"]
[Source "ChessBase"]
[SourceDate "2010.01.05"]
[SourceVersion "1"]
[SourceVersionDate "2010.01.05"]
[SourceQuality "1"]
[WhiteTeam "Leipzig Lindenau (W)"]
[BlackTeam "Merseburg (W)"]
[WhiteTeamCountry "GER"]
[BlackTeamCountry "GER"]

1. e4 e6 2. d3 d5 3. Nd2 Nf6 4. g3 b6 5. Bg2 Bb7 6. e5 Nfd7 7. d4 c5 8. c3 Nc6 9. Ne2 cxd4 10. cxd4 Ba6 11. Nf3 Bb4+ 12. Bd2 Bxd2+ 13. Qxd2 Bxe2 14. Qxe2 Qe7 15. 0-0 0-0 16. Rfc1 Rac8 17. Rc3 Ndb8 18. Rac1 Qb7 19. Qd2 Ne7 20. Bf1 Rxc3 21. Rxc3 Rc8 22. Bd3 h6 23. Bc2 Rxc3 24. Qxc3 Qc8 25. Qd3 g6 26. Qd2 Kg7 27. h4 Nbc6 28. g4 Qf8 29. h5 f5 30. exf6+ Qxf6 31. Qe3 gxh5 32. g5 hxg5 33. Nxg5 e5 34. Qg3 Kh6 35. Nf3 e4 36. Ne5 Nxd4 37. Bd1 Nef5 38. Qh2 Qg5+ 39. Kf1 Kg7 40. Bxh5 Nh4 41. Bd1 Ndf5 42. Ng4 Qc1 43. Qe5+ Kg6 44. Qf6+ Kh7 45. Qf7+ Kh8 46. Qf8+ Kh7 47. Qf7+ Kh8 48. Qf8+ Kh7 1/2-1/2

[Event "GER-chT U20 Girls"]
[Site "Stuttgart"]
[Date "2007.12.28"]
[Round "4.1"]
[White "Samorukova, Jana"]
[Black "Gasch, Franziska"]
[Result "0-1"]
[WhiteElo "1695"]
[BlackElo "1908"]
[PlyCount "80"]
[EventDate "2007.12.27"]
[EventType "team-swiss"]
[EventRounds "7"]
[EventCountry "GER"]
[SourceTitle "EXT 2009"]
[Source "ChessBase"]
[SourceDate "2008.11.26"]
[SourceVersion "1"]
[SourceVersionDate "2008.11.26"]
[SourceQuality "1"]
[WhiteTeam "Fritzdorf Gruen Weiss U20 Girls"]
[BlackTeam "Leipzig Turm U20 Girls"]
[WhiteTeamCountry "GER"]
[BlackTeamCountry "GER"]

1. d4 g6 2. e4 d6 3. Nf3 Bg7 4. Be2 Nd7 5. 0-0 e5 6. Bg5 Ne7 7. dxe5 Nxe5 8. Nxe5 Bxe5 9. Nc3 h6 10. Be3 Be6 11. Qd2 Qd7 12. f4 Bg7 13. Bd4 Bxd4+ 14. Qxd4 Rg8 15. Rad1 Nc6 16. Qe3 0-0-0 17. e5 Kb8 18. exd6 cxd6 19. Nb5 Qe7 20. b3 Rd7 21. Bf3 Rgd8 22. Rfe1 d5 23. Nd4 Nxd4 24. Rxd4 Qc5 25. Rd2 Qxe3+ 26. Rxe3 Rc8 27. Red3 d4 28. Be4 Rcd8 29. Kf2 Kc7 30. a4 Kb6 31. Ke2 Kc5 32. Rd1 Bg4+ 33. Bf3 Bf5 34. R3d2 Kb4 35. g4 d3+ 36. Ke1 dxc2 37. Rxd7 Rxd7 38. Rc1 Bd3 39. h3 Kxb3 40. Kf2 Kb2 0-1

[Event "GER-chT U20 Girls"]
[Site "Stuttgart"]
[Date "2007.12.27"]
[Round "1.1"]
[White "Bluebaum, Johanna"]
[Black "Gasch, Franziska"]
[Result "0-1"]
[WhiteElo "1856"]
[BlackElo "1908"]
[PlyCount "94"]
[EventDate "2007.12.27"]
[EventType "team-swiss"]
[EventRounds "7"]
[EventCountry "GER"]
[SourceTitle "EXT 2009"]
[Source "ChessBase"]
[SourceDate "2008.11.26"]
[SourceVersion "1"]
[SourceVersionDate "2008.11.26"]
[SourceQuality "1"]
[WhiteTeam "Bochum SG U20 Girls"]
[BlackTeam "Leipzig Turm U20 Girls"]
[WhiteTeamCountry "GER"]
[BlackTeamCountry "GER"]

1. d4 Nf6 2. c4 g6 3. Nc3 Bg7 4. e4 d6 5. Nf3 0-0 6. Be2 e5 7. Be3 Ng4 8. Bg5 f6 9. Bc1 f5 10. Bg5 Qe8 11. h3 Nf6 12. dxe5 Nxe4 13. Nxe4 fxe4 14. Qd5+ Kh8 15. Qxe4 Nc6 16. 0-0 Nxe5 17. Rfe1 Nxf3+ 18. Bxf3 Qxe4 19. Rxe4 Bxb2 20. Rb1 Be5 21. Re3 Rb8 22. Bd5 Bf5 23. Rxb7 Rxb7 24. Bxb7 Rb8 25. Rb3 Bc2 26. Rb5 Ba4 27. Rxe5 dxe5 28. Bf6+ Kg8 29. Bd5+ Kf8 30. Bxe5 Rb1+ 31. Kh2 c6 32. Bf3 Ke7 33. c5 Rc1 34. Bd6+ Ke6 35. Bb8 a6 36. Bd6 Ra1 37. Be2 Bb5 38. Bg4+ Kf7 39. Kg3 Rxa2 40. Bd1 Bc4 41. Bf3 Bd5 42. Bd1 Rd2 43. Ba4 Ke6 44. f3 Ra2 45. Bd1 a5 46. h4 a4 47. Kf4 Bb3 0-1

[Event "GER-ch U18 Girls"]
[Site "Willingen"]
[Date "2006.06.09"]
[Round "9"]
[White "Hafner, Katrin"]
[Black "Gasch, Franziska"]
[Result "1-0"]
[WhiteElo "1565"]
[BlackElo "1860"]
[PlyCount "93"]
[EventDate "2006.06.03"]
[EventType "swiss"]
[EventRounds "9"]
[EventCountry "GER"]
[SourceTitle "EXT 2007"]
[Source "ChessBase"]
[SourceDate "2006.11.23"]
[SourceVersion "1"]
[SourceVersionDate "2006.11.23"]
[SourceQuality "1"]

1. e4 c5 2. Nf3 e6 3. d4 cxd4 4. Nxd4 a6 5. Bd3 b5 6. 0-0 Bb7 7. Qe2 Qc7 8. Kh1 d6 9. f4 Nd7 10. Bd2 Ngf6 11. Na3 Nc5 12. Rae1 b4 13. Nb1 Nfxe4 14. Bxb4 Be7 15. Nd2 Nxd3 16. Qxd3 Nxd2 17. Bxd2 0-0 18. Qg3 Bf6 19. Bc3 Kh8 20. Rd1 Rac8 21. Rd2 Qe7 22. Re2 Qd7 23. Rd2 Bd5 24. a3 Rc7 25. Rfd1 Rfc8 26. Re1 Rc4 27. Qf2 Qd8 28. Qe3 Qd7 29. Ree2 Qb7 30. Bb4 Bxd4 31. Rxd4 Rxc2 32. Bc3 Bxg2+ 33. Kg1 Rxe2 34. Qxe2 Bd5 35. Rd3 Bc4 36. Qg4 f5 37. Qf3 Bd5 38. Qh5 Kg8 39. Rg3 Qa7+ 40. Kf1 g6 41. Rxg6+ hxg6 42. Qxg6+ Kf8 43. Qh6+ Ke8 44. Qh8+ Kd7 45. Qg7+ Kd8 46. Qxa7 Ke8 47. a4 1-0

[Event "GER-ch U18 Girls"]
[Site "Willingen"]
[Date "2006.06.05"]
[Round "4"]
[White "Gasch, Franziska"]
[Black "Rath, Alina"]
[Result "1-0"]
[WhiteElo "1860"]
[BlackElo "1853"]
[PlyCount "33"]
[EventDate "2006.06.03"]
[EventType "swiss"]
[EventRounds "9"]
[EventCountry "GER"]
[SourceTitle "EXT 2007"]
[Source "ChessBase"]
[SourceDate "2006.11.23"]
[SourceVersion "1"]
[SourceVersionDate "2006.11.23"]
[SourceQuality "1"]

1. e4 c5 2. Nc3 Nc6 3. d3 g6 4. Be3 d6 5. d4 b6 6. f4 Bg7 7. Nf3 e6 8. Bb5 Bd7 9. 0-0 Nge7 10. d5 exd5 11. Nxd5 Bxb2 12. Rb1 Bg7 13. f5 Nxd5 14. Qxd5 Rc8 15. fxg6 hxg6 16. Ng5 Ne5 17. Nxf7 1-0

[Event "GER-ch U18 Girls"]
[Site "Willingen"]
[Date "2006.06.04"]
[Round "2"]
[White "Gasch, Franziska"]
[Black "Hofmann, Annett"]
[Result "1/2-1/2"]
[WhiteElo "1860"]
[BlackElo "2004"]
[PlyCount "84"]
[EventDate "2006.06.03"]
[EventType "swiss"]
[EventRounds "9"]
[EventCountry "GER"]
[SourceTitle "EXT 2007"]
[Source "ChessBase"]
[SourceDate "2006.11.23"]
[SourceVersion "1"]
[SourceVersionDate "2006.11.23"]
[SourceQuality "1"]

1. e4 c5 2. Nc3 d6 3. g3 Nc6 4. Bg2 g6 5. f4 Bg7 6. d3 Nf6 7. Nf3 0-0 8. 0-0 Bg4 9. h3 Bxf3 10. Qxf3 Nd4 11. Qd1 Nd7 12. Ne2 Rb8 13. c3 Nxe2+ 14. Qxe2 b5 15. Be3 b4 16. c4 a5 17. g4 a4 18. Rad1 f5 19. exf5 gxf5 20. gxf5 Rxf5 21. d4 cxd4 22. Bxd4 Bxd4+ 23. Rxd4 Kh8 24. Kh1 Nc5 25. Qg4 Rf7 26. Rd5 e6 27. Rg5 Qf6 28. f5 Qxb2 29. fxe6 Rxf1+ 30. Bxf1 Rf8 31. Bg2 Qf6 32. Bd5 Qf1+ 33. Qg1 Qxh3+ 34. Qh2 Rf1+ 35. Rg1 Rxg1+ 36. Kxg1 Qe3+ 37. Qf2 Qg5+ 38. Kf1 Qe7 39. Qb2+ Kg8 40. Qxb4 Nxe6 41. Qxa4 Kg7 42. Qb3 Qf6+ 1/2-1/2

[Event "Sachsen-ch U18 Girls"]
[Site "Sebnitz"]
[Date "2006.04.22"]
[Round "7"]
[White "Gasch, Franziska"]
[Black "Weber, Kristina"]
[Result "1-0"]
[WhiteElo "1860"]
[BlackElo "975"]
[PlyCount "39"]
[EventDate "2006.04.18"]
[EventType "swiss"]
[EventRounds "7"]
[EventCountry "GER"]
[SourceTitle "EXT 2007"]
[Source "ChessBase"]
[SourceDate "2006.11.23"]
[SourceVersion "1"]
[SourceVersionDate "2006.11.23"]
[SourceQuality "1"]

1. e4 e6 2. d4 d5 3. Nd2 c5 4. Ngf3 Nc6 5. exd5 Qxd5 6. Bc4 Qd6 7. Ne4 Qc7 8. dxc5 Bxc5 9. Nxc5 Qa5+ 10. c3 Qxc5 11. Qe2 Na5 12. Bb5+ Nc6 13. Be3 Qd6 14. Rd1 Qc7 15. Qd2 Nge7 16. Bc5 0-0 17. Bd6 Qd8 18. Bxc6 bxc6 19. Qg5 Re8 20. Be5 1-0

[Event "Sachsen-ch U18 Girls"]
[Site "Sebnitz"]
[Date "2006.04.19"]
[Round "3"]
[White "Gasch, Franziska"]
[Black "Fuchs, Maria"]
[Result "0-1"]
[WhiteElo "1860"]
[BlackElo "1757"]
[PlyCount "98"]
[EventDate "2006.04.18"]
[EventType "swiss"]
[EventRounds "7"]
[EventCountry "GER"]
[SourceTitle "EXT 2007"]
[Source "ChessBase"]
[SourceDate "2006.11.23"]
[SourceVersion "1"]
[SourceVersionDate "2006.11.23"]
[SourceQuality "1"]

1. e4 c5 2. d4 cxd4 3. c3 dxc3 4. Nxc3 Nc6 5. Nf3 e6 6. Bc4 Qc7 7. 0-0 Nf6 8. Qe2 Ng4 9. Rd1 Bc5 10. Be3 Bxe3 11. fxe3 a6 12. Rac1 b5 13. Bb3 0-0 14. h3 Nge5 15. Nd4 Bb7 16. Qh5 Ng6 17. Nf3 Qb6 18. Kf2 Rad8 19. Rd2 Na5 20. Rcd1 Bc6 21. g3 Nxb3 22. axb3 Qc7 23. Ne2 h6 24. Qg4 Ne5 25. Qf4 f6 26. g4 g5 27. Qg3 Bxe4 28. Nfd4 f5 29. Kg1 fxg4 30. hxg4 Nf3+ 31. Nxf3 Qxg3+ 32. Nxg3 Bxf3 33. Ra1 Bb7 34. Rd6 Kf7 35. Rad1 Bc6 36. Ne2 Ke7 37. Ng3 a5 38. R6d4 Bd5 39. b4 a4 40. R1d2 Rc8 41. e4 Bc6 42. Rh2 Rh8 43. Rhd2 Rcf8 44. Nh5 Rf3 45. Kg2 Rhf8 46. Ng3 Re3 47. Re2 Rff3 48. Rxe3 Rxe3 49. Kf2 Rb3 0-1

[Event "Leipzig VfB op 13th"]
[Site "Leipzig"]
[Date "2006.03.16"]
[Round "5"]
[White "Schmiedek, Jens"]
[Black "Gasch, Franziska"]
[Result "0-1"]
[WhiteElo "1633"]
[BlackElo "1860"]
[PlyCount "50"]
[EventDate "2006.03.14"]
[EventType "swiss"]
[EventRounds "9"]
[EventCountry "GER"]
[SourceTitle "EXT 2008"]
[Source "ChessBase"]
[SourceDate "2007.11.25"]
[SourceVersion "1"]
[SourceVersionDate "2007.11.25"]
[SourceQuality "1"]

1. e4 d5 2. exd5 Nf6 3. Nc3 Nxd5 4. Nxd5 Qxd5 5. Nf3 Bg4 6. Be2 Nc6 7. d4 0-0-0 8. c3 e5 9. Be3 exd4 10. Nxd4 Bxe2 11. Qxe2 Nxd4 12. Bxd4 c5 13. 0-0-0 cxd4 14. Rxd4 Qa5 15. Qg4+ Kb8 16. Qf4+ Ka8 17. Rxd8+ Qxd8 18. Rd1 Qc8 19. Qxf7 g6 20. Rd7 Bh6+ 21. Kc2 Rf8 22. Rc7 Qb8 23. Qxh7 Rxf2+ 24. Kb3 Bc1 25. Rg7 Rxb2+ 0-1

[Event "GER-chT U20 Girls"]
[Site "Naunhof"]
[Date "2005.12.28"]
[Round "4.2"]
[White "Gasch, Franziska"]
[Black "Lubbe, Melanie"]
[Result "0-1"]
[WhiteElo "1721"]
[BlackElo "2057"]
[PlyCount "58"]
[EventDate "2005.12.27"]
[EventType "team-swiss"]
[EventRounds "7"]
[EventCountry "GER"]
[SourceTitle "CBM 110 Extra"]
[Source "ChessBase"]
[SourceDate "2006.03.10"]
[SourceVersion "2"]
[SourceVersionDate "2006.03.10"]
[SourceQuality "1"]

1. e4 c5 2. Nc3 Nc6 3. g3 d6 4. Bg2 g6 5. d3 Bg7 6. f4 e6 7. Nf3 Nge7 8. 0-0 0-0 9. Be3 b6 10. d4 d5 11. exd5 Nf5 12. Bf2 Ncxd4 13. dxe6 Bxe6 14. Nxd4 Nxd4 15. Bxa8 Qxa8 16. Be1 h5 17. Rc1 Rd8 18. Bd2 Bg4 19. Qe1 Nf3+ 20. Rxf3 Qxf3 21. Be3 Re8 22. Nd1 Bd4 23. Qf2 Bxe3 24. Nxe3 Qxe3 25. Qxe3 Rxe3 26. Kf2 Re2+ 27. Kg1 Bf5 28. Rd1 Rxc2 29. Rd8+ Kg7 0-1